| 000 | 00673nam a22002417a 4500 | ||
|---|---|---|---|
| 003 | UA-OsUOA | ||
| 001 | 26410 | ||
| 007 | ta | ||
| 008 | 20040527b un ||||| |||| 00| 0 ukr d | ||
| 090 |
_a82.09(477)(091) _bІ-69 |
||
| 942 | _cBK | ||
| 040 |
_aUA-OsUOA _bukr _cUA-OsUOA _dUA-OsUOA |
||
| 245 | _aІнститут літератури ім. Т.Г. Шевченка НАН України1926-2001 роки: сторінки історії | ||
| 300 | _a589 с. | ||
| 955 | _a0 | ||
| 041 | _aukr | ||
| 080 | _a82.09(477)(091) | ||
| 020 | _a966-00-0813-9 | ||
| 260 |
_aКиїв _bНаукова думка _c2003 |
||
| 044 | _aUA | ||
| 650 | 7 | _2UDC | |
| 999 |
_c312733 _d312733 |
||